000 00540nam a2200217 a 4500
001 0001-2019
003 ELIB.Books
008 190617 2010 eng
020 _aKBTS
092 _a253.5
_bWhi
100 _aWhite, John
245 _aParants in Pain
260 _aUnited States of America
_bInter Varsity
_c1979
300 _a244
_c20.6 cm
650 _aCounseling
856 _nKBTS Library
_uKBTS Elib
942 _2ddc
_cBK
990 _a1
998 _aEnglishbooks.elf
_ccat
_e2019-06-17
999 _c12019
_d12019